000 00747nam a2200241Ia 4500
003 OSt
005 20220927110337.0
006 a|||||r|||| 00| 0
007 ta
008 220926b |||||||| |||| 00| 0 eng d
024 _a57858
037 _cReports
040 _aRTL
_cRTL
_beng
041 _2eng
_aeng
082 _a"X:97.7319G.N5, J2"
110 _aSouthern Industrial Relations Conference 33. Blue Ridge. July 16-19
_9376292
245 0 _aModern methods of employee relations
_b A summary r
260 _c1952
650 _aIndustrial Relations
_9376293
700 _aSouthern Industrial Relations Conference 33. Blue Ridge. July 16-19
_9376294
942 _h"X:97.7319G.N5, J2"
_cCC
999 _c695613
_d695613